000 00940nam a2200313 i 4500
999 _c48146
_d48146
001 849439
005 20190930113302.0
008 790702s1979 mnu 000 0 eng
010 _a 78059405
020 _a0030526914
020 _a0030456916 (pbk.)
040 _aDLC
_cDLC
_dDLC
043 _an-us---
100 1 _aHerbruck, Christine Comstock.
245 1 0 _aBreaking the cycle of child abuse /
_cby Christine Comstock Herbruck.
260 _aMinneapolis :
_bWinston Press,
_cc1979.
300 _a205 p. ;
_c23 cm.
336 _atext
337 _aunmediated
338 _avolume
610 2 0 _aParents Anonymous
_xHistory.
650 0 _aChild abuse
_zUnited States.
650 0 _aChild abuse
_zUnited States
_xPrevention.
650 0 _aChild molesting
_zUnited States
_xCase studies.
650 0 _aParents anonymous.
650 0 _aChild abuse.
906 _a7
_bcbc
_corignew
_d2
_eocip
_f19
_gy-gencatlg
942 _2lcc
_cBK